Yu-Gi-Oh! - Monstre (9) - Statistiques

Statistiques générales
  • Ce quiz a été pris 61 fois
  • Le résultat moyen est 138 sur 144
Statistiques - réponses
Question Tuile Select % Correct
Qui est Lézard Électrique ? Non
100%
Qui est Lézard Électrique ? Non
100%
Qui est Lézard Électrique ? Non
100%
Qui est Lézard Électrique ? Non
100%
Qui est Lézard Électrique ? Non
100%
Qui est Lézard Électrique ? Non
100%
Qui est Lézard Électrique ? Non
100%
Qui est Lézard Électrique ? Non
100%
Qui est Lézard Électrique ? Non
100%
Qui est Lézard Électrique ? Non
98%
Qui est Lézard Électrique ? Non
98%
Qui est Ha Dès le Gouverneur des Ténèbres ? Non
98%
Qui est Ha Dès le Gouverneur des Ténèbres ? Non
98%
Qui est Ha Dès le Gouverneur des Ténèbres ? Non
98%
Qui est Ha Dès le Gouverneur des Ténèbres ? Non
98%
Qui est Ha Dès le Gouverneur des Ténèbres ? Non
98%
Qui est Ha Dès le Gouverneur des Ténèbres ? Non
98%
Qui est Ha Dès le Gouverneur des Ténèbres ? Non
98%
Qui est Ha Dès le Gouverneur des Ténèbres ? Non
98%
Qui est Insecte Mangeur d'Hommes ? Non
98%
Qui est Insecte Mangeur d'Hommes ? Non
98%
Qui est Insecte Mangeur d'Hommes ? Non
98%
Qui est Insecte Mangeur d'Hommes ? Non
98%
Qui est Insecte Mangeur d'Hommes ? Non
98%
Qui est Insecte Mangeur d'Hommes ? Non
98%
Qui est Insecte Mangeur d'Hommes ? Non
98%
Qui est Insecte Mangeur d'Hommes ? Non
98%
Qui est Insecte Mangeur d'Hommes ? Non
98%
Qui est Sangan ? Non
98%
Qui est Sangan ? Non
98%
Qui est Sangan ? Non
98%
Qui est Sangan ? Non
98%
Qui est Sangan ? Non
98%
Qui est Sangan ? Non
98%
Qui est Sangan ? Non
98%
Qui est Sangan ? Non
98%
Qui est Morphojarre ? Non
98%
Qui est Morphojarre ? Non
98%
Qui est Morphojarre ? Non
98%
Qui est Morphojarre ? Non
98%
Qui est Morphojarre ? Oui
98%
Qui est Morphojarre ? Non
98%
Qui est Morphojarre ? Non
98%
Qui est Morphojarre ? Non
98%
Qui est Morphojarre ? Non
98%
Qui est Morphojarre ? Non
98%
Qui est Morphojarre ? Non
98%
Qui est Morphojarre ? Non
98%
Qui est Doma l'Ange du Silence ? Non
98%
Qui est Doma l'Ange du Silence ? Non
98%
Qui est Doma l'Ange du Silence ? Non
98%
Qui est Doma l'Ange du Silence ? Non
98%
Qui est Doma l'Ange du Silence ? Non
98%
Qui est Noyau Diabound ? Non
98%
Qui est Noyau Diabound ? Non
98%
Qui est Chevalier Sans Tête ? Non
98%
Qui est Chevalier Sans Tête ? Non
98%
Qui est Chevalier Sans Tête ? Non
98%
Qui est Chevalier Sans Tête ? Non
98%
Qui est Chevalier Sans Tête ? Non
98%
Qui est Chevalier Sans Tête ? Non
98%
Qui est Chevalier Sans Tête ? Non
98%
Qui est Chevalier Sans Tête ? Non
98%
Qui est Chevalier Sans Tête ? Non
98%
Qui est Lézard Électrique ? Oui
96%
Qui est Le Fantôme des Rêves Enfuis ? Non
96%
Qui est Le Fantôme des Rêves Enfuis ? Non
96%
Qui est Ha Dès le Gouverneur des Ténèbres ? Non
96%
Qui est Necrofear des Ténèbres ? Non
96%
Qui est Necrofear des Ténèbres ? Non
96%
Qui est Necrofear des Ténèbres ? Non
96%
Qui est Necrofear des Ténèbres ? Non
96%
Qui est Necrofear des Ténèbres ? Non
96%
Qui est Necrofear des Ténèbres ? Non
96%
Qui est Necrofear des Ténèbres ? Non
96%
Qui est Necrofear des Ténèbres ? Non
96%
Qui est Insecte Mangeur d'Hommes ? Non
96%
Qui est Insecte Mangeur d'Hommes ? Non
96%
Qui est Sangan ? Non
96%
Qui est Sangan ? Non
96%
Qui est Doma l'Ange du Silence ? Non
96%
Qui est Doma l'Ange du Silence ? Non
96%
Qui est Doma l'Ange du Silence ? Non
96%
Qui est Doma l'Ange du Silence ? Non
96%
Qui est Noyau Diabound ? Non
96%
Qui est Noyau Diabound ? Non
96%
Qui est Noyau Diabound ? Non
96%
Qui est Noyau Diabound ? Non
96%
Qui est Noyau Diabound ? Non
96%
Qui est Noyau Diabound ? Non
96%
Qui est Chapeau Magique Blanc ? Non
96%
Qui est Chapeau Magique Blanc ? Non
96%
Qui est Chapeau Magique Blanc ? Non
96%
Qui est Chapeau Magique Blanc ? Non
96%
Qui est Chapeau Magique Blanc ? Non
96%
Qui est Chapeau Magique Blanc ? Oui
96%
Qui est Chapeau Magique Blanc ? Non
96%
Qui est Chapeau Magique Blanc ? Non
96%
Qui est Chapeau Magique Blanc ? Non
96%
Qui est Chapeau Magique Blanc ? Non
96%
Qui est Chapeau Magique Blanc ? Non
96%
Qui est Chapeau Magique Blanc ? Non
96%
Qui est Chevalier Sans Tête ? Non
96%
Qui est Chevalier Sans Tête ? Non
96%
Qui est Cavalier Squelette Deathcalibur ? Non
96%
Qui est Cavalier Squelette Deathcalibur ? Non
96%
Qui est Cavalier Squelette Deathcalibur ? Non
96%
Qui est Cavalier Squelette Deathcalibur ? Non
96%
Qui est Cavalier Squelette Deathcalibur ? Non
96%
Qui est Cavalier Squelette Deathcalibur ? Non
96%
Qui est Cavalier Squelette Deathcalibur ? Non
96%
Qui est Cavalier Squelette Deathcalibur ? Non
96%
Qui est Cavalier Squelette Deathcalibur ? Non
96%
Qui est Le Fantôme des Rêves Enfuis ? Non
94%
Qui est Le Fantôme des Rêves Enfuis ? Non
94%
Qui est Le Fantôme des Rêves Enfuis ? Non
94%
Qui est Le Fantôme des Rêves Enfuis ? Non
94%
Qui est Le Fantôme des Rêves Enfuis ? Non
94%
Qui est Le Fantôme des Rêves Enfuis ? Non
94%
Qui est Le Fantôme des Rêves Enfuis ? Non
94%
Qui est Le Fantôme des Rêves Enfuis ? Non
94%
Qui est Ha Dès le Gouverneur des Ténèbres ? Non
94%
Qui est Necrofear des Ténèbres ? Non
94%
Qui est Necrofear des Ténèbres ? Non
94%
Qui est Insecte Mangeur d'Hommes ? Oui
94%
Qui est Sangan ? Non
94%
Qui est Doma l'Ange du Silence ? Non
94%
Qui est Noyau Diabound ? Non
94%
Qui est Chevalier Sans Tête ? Oui
94%
Qui est Cavalier Squelette Deathcalibur ? Non
94%
Qui est Noyau Diabound ? Non
92%
Qui est Le Fantôme des Rêves Enfuis ? Non
90%
Qui est Ha Dès le Gouverneur des Ténèbres ? Non
90%
Qui est Necrofear des Ténèbres ? Non
90%
Qui est Sangan ? Oui
90%
Qui est Necrofear des Ténèbres ? Oui
86%
Qui est Noyau Diabound ? Non
86%
Qui est Ha Dès le Gouverneur des Ténèbres ? Oui
84%
Qui est Cavalier Squelette Deathcalibur ? Oui
84%
Qui est Cavalier Squelette Deathcalibur ? Non
82%
Qui est Doma l'Ange du Silence ? Non
80%
Qui est Le Fantôme des Rêves Enfuis ? Oui
75%
Qui est Doma l'Ange du Silence ? Oui
71%
Qui est Noyau Diabound ? Oui
65%
Aucun quiz correspondant
Distribution des résultats
% des personnes avec chaque résultat
Percentile par nombre de réponses
Votre historique - résultats
Vous n’avez pas pris ce quiz